| 000 | 00607nam a2200217Ii 4500 | ||
|---|---|---|---|
| 003 | JO-AjNU | ||
| 008 | 230606s9999||||xx |||||||||||||| ||und|| | ||
| 020 | _a978-0-538-45011-9/0-538-45011-8 | ||
| 040 |
_aJO-AjNU _beng _erda _cJO-AjNU |
||
| 041 | _aeng | ||
| 050 | 1 | 4 | _aHF5381.2011 |
| 100 | 3 |
_aCiletti,Dorene, _eauthor _91808 |
|
| 245 | 0 | 0 | _aMarketing Yourself |
| 250 | _a2 ed | ||
| 264 | 3 | 1 | _aAustralia: South- Western Cengage Learning,2011 |
| 300 | _a358p | ||
| 336 |
_atext _btxt _2rdacontent |
||
| 337 |
_aunmediated _bn _2rdamedia |
||
| 338 |
_avolume _bnc _2rdacarrier |
||
| 650 | 4 |
_amarketing _91809 |
|
| 999 |
_aE953 _c953 _d953 |
||